000 00356nam a2200133Ia 4500
008 240624s9999 xx 000 0 und d
041 _aeng
082 _a332.1 RAV
100 _aRAVICHANDRAN K
245 _aMERCHANT BANKING AND FINANCIAL SERVICES
260 _c2011
_aMumbai
_bHimalaya Publishing House
300 _a325 : p. : cm. ; 28
365 _cRS
_b30
999 _c19545
_d19545